Droit et pratique des marchés publics de travaux (Registro nro. 313053)

Detalles MARC
000 -ENCABEZADO
Número de control [NR] 00678 a2200193 4500
005 - FECHA Y HORA DE LA ÚLTIMA TRANSACCIÓN
control field 20190806102650.0
008 - DE LONGITUD FIJA DE DATOS DE ELEMENTOS - INFORMACIÓN GENERAL
Elementos de longitud fija [NR] 190610b1981 fr ||||| |||| 00| 0 fre d
020 ## - NUMERO INTERNACIONAL NORMALIZADO PARA LIBROS [R]
Número Internacional Normalizado del libro [NR] 2862821578
040 ## - FUENTE DE CATALOGACION [NR]
Agencia de catalogación original [NR] CO-BoUCM
Idioma de catalogación [NR] spa
Quien Cataloga Oscar Ávila (modificó)
Quien Clasifica Oscar Ávila (modificó)
041 0# - CODIGO DE IDIOMA [R]
Código de idioma para texto/pista de sonido o título separado [R] Francés
100 10 - ASIENTO PRINCIPAL--NOMBRE PERSONAL [NR]
Nombre personal [NR] Villard, Michel
ID Autoridad 97059
245 10 - MENCION DE TITULO [NR]
Título [NR] Droit et pratique des marchés publics de travaux
Parte restante del título [NR] passation, exécution, financement
Mención de responsabilidad, etc. [NR] Michel Villard
260 ## - PUBLICACION, DISTRIBUCION, ETC. (PIE DE IMPRENTA) [R]
Nombre del editor, distribuidor, etc. [R] Moniteur
Fecha de publicación, distribución, etc. [R] 1981
Lugar de publicación, distribución, etc. [R] Paris
Fecha de fabricación [R] 1981
650 #7 - ASIENTO SECUNDARIO DE MATERIA - TERMINO TEMATICO [R]
9 (RLIN) 7494
Término temático o nombre geográfico como elemento de entrada [NR] Derecho
700 10 - ASIENTO SECUNDARIO - NOMBRE PERSONAL [R]
Nombre personal [NR] Bachelot, Yves
9 (RLIN) 97060
700 10 - ASIENTO SECUNDARIO - NOMBRE PERSONAL [R]
Nombre personal [NR] Roméro, Jean-Michel
9 (RLIN) 97061
942 ## - ELEMENTOS DE ENTRADA AGREGADOS (KOHA)
Tipo de ítem principal el descrito en 300a Libro
Sistema de clasificación DEWEY
Tema principal Derecho
Edición 1
Clasificación 340
Parte restante de la signatura top. V719d
Título oculto en OPAC No
Existencias
Total préstamos Signatura topográfica Código de barras Última vez visto Ejemplar Costo de reposición Price effective from Tipo de ítem Perdido Sistema de clasificación Dañado No prestable Tipo de ítem específico Suprimido Ubicación habitual Ubicación actual Localización Fecha de creación Proveedor Forma de adquisición Costo
  340 V719d 100161351 09/12/2024 Ej.1 26000.00 07/06/2019 Libro   DEWEY     Libro   BodegaJK Claustro Préstamo 2 días después de solicitado 07/06/2019 12 Donación 0.00